00456nam a2200169Ia 4500999001500000003000400015005001700019008004100036040000900077082001900086100003000105245005000135260003500185300000900220650001300229942004400242 c8789d8789OSt20200827104323.0190216s9999||||xx |||||||||||||| ||und|| coclc a005.369bCOP/E aCopestake, Stephen 94378 0aExcel 2002 In Easy Steps /cStephen Copestake bDream Tech,aNew Delhi:c2001. a192p aComputer cBK2ddch005.369iCOP/Ek005.369mCOP/E